| 000 | 00763nam a22002177a 4500 | ||
|---|---|---|---|
| 999 |
_c14770 _d14770 |
||
| 003 | AR-CdUCM | ||
| 008 | 190422b ||||| |||| 00| 0 spa d | ||
| 020 | _a978-84-683-1224-8 | ||
| 040 |
_aMUNICIPALIDAD PROVINCIAL DEL CUSCO _cBIBLIOTECA MUNICIPAL DEL CUSCO |
||
| 082 |
_aPI / 376.1 / _bG71 |
||
| 100 |
_aGonzáles Sinde, Ángeles _933661 |
||
| 245 |
_aMaya papaya : _bEs la ultima vez que te lo digo / |
||
| 260 |
_aBarcelona : _bEdebé, _c2014. |
||
| 300 |
_a31 páginas ; _bIlustraciones, _c20 cm. |
||
| 505 | _aContenido: Maya papaya : es la ultima vez que te lo digo. | ||
| 650 |
_aLiteratura Infantil _9588 |
||
| 650 |
_aCuentos infantiles _93927 |
||
| 700 |
_aKlamburg, Laura (ilustraciones) _933662 |
||
| 942 |
_2ddc _cLIBROS |
||
| 945 |
_acmm _d2019-04-24 |
||